00730nam a2200193 a 450000100100000000500170001000800410002702000150006804000250008308200130010810000460012124501260016725000120029326000500030530000270035550400260038295201110040899900170051900004068720201002034314.0130905s1997 ck 001 0 spa d a9586004465 aDO-SdBNPbspacBNPHU axxxbxxx1 aMéndez Álvarez, Carlos Eduardo96705810aMetodología :bguía para elaborar diseños de investigación en ciencias económicas, contables y administrativas. a2a. ed. aSantafé de Bogotá, :bMcGraw-Hill,c1997. axiii, 170 p. ;c23 cm. aBibliografía p: 168 001050718MOaGRbGRcCTd2013-09-05iLF1l0oxxx xxxp40687-10r2020-06-25w2020-06-25y1ZNo se presta c40177d40177